000 00813nam a2200265Ia 4500
008
020 _a9780849328251 (hbk.)
090 _aTS1510
_bSCH
100 1 _aSchindler, W.D.
245 1 0 _aChemical finishing of textiles /
_cW.D. Schindler and P.J. Hauser.
260 _aBoca Raton :
_bThe Textile Institute,
_c2004.
300 _ax, 213 p. :
_bill. ;
_c25 cm.
440 _aWoodhead Publishing Series in Textiles: Number 32.
504 _aIncludes bibliographical references.
500 _aIncludes index.
650 0 _aTextile finishing.
650 0 _aTextile chemicals.
700 1 _aHauser, P.J.
907 _a.b10305567
_b08-02-12
_c16-01-12
003
005 20230123125355.0
040 _cNUST
049 _aMAIN
942 _cBOOKS
_kTS1510
_mSCH
999 _c140423
_d140423